[Event "CRO Topla Voda Cup"]
[Site "Tuhovec"]
[Date "2022.08.06"]
[Round "3.1"]
[White "Kutle, Silvije"]
[Black "Tica, Sven"]
[Result "0-1"]
[WhiteElo "1832"]
[BlackElo "2350"]
[PlyCount "36"]
[EventDate "2022.08.06"]
[EventType "team-tourn (blitz)"]
[EventRounds "11"]
[EventCountry "CRO"]
[SourceTitle "CBM 209 Extra"]
[Source "ChessBase"]
[SourceDate "2022.09.30"]
[SourceVersion "1"]
[SourceVersionDate "2022.09.30"]
[SourceQuality "1"]
[WhiteTeam "Ludbreg"]
[BlackTeam "Novi Zagreb"]
[WhiteTeamCountry "CRO"]
[BlackTeamCountry "CRO"]

1. e4 g6 2. d4 Bg7 3. Nf3 d6 4. c4 Nd7 5. Nc3 e5 6. dxe5 Nxe5 7. Nxe5 Bxe5 8. f4 Bg7 9. Be2 Ne7 10. Be3 Be6 11. Qd2 Qd7 12. 0-0-0 f5 13. e5 dxe5 14. Nd5 c6 15. Qb4 cxd5 16. cxd5 Nxd5 17. Rxd5 Qxd5 18. Rd1 Rc8+ 0-1